000 00326pab a2200145 454500
008 180718b1985 xxu||||| |||| 00| 0 eng d
100 _aMahapatra, C.
245 _aYouth and national development
260 _c1985
300 _a8-9
362 _aFeb.
650 _aYouth - India
773 _aKurukshetra
909 _a21103
999 _c21103
_d21103